European Countries Starting With A, B, C And D - Statistics

General Stats
  • This quiz has been taken 181 times
  • The average score is 9 of 10
Answers on the Map
Answers color-coded by a green-red scale on the quiz's map according to % correct below.
 
Answer Stats
Country % Correct
Albania
96%
Andorra
96%
Belgium
96%
Austria
94%
Denmark
94%
Croatia
93%
Bosnia and Herzegovina
91%
Belarus
90%
Czech Republic
90%
Bulgaria
89%
No matching quizzes found
Score Distribution
Percent of People with Each Score
Percentile by Number Answered
Your Score History
You have not taken this quiz